Statistics for 2020/21 Premier League Teams' Top Scorer

Click here to take the quiz!

General Stats

  • This quiz has been taken 28 times
  • The average score is 14 of 20

Answer Stats

TeamNumberAnswer% Correct
Tottenham Hotspur23Harry Kane
100%
Liverpool22Mohamed Salah
100%
Manchester United18Bruno Fernandes
92%
Leicester City15Jamie Vardy
92%
Southampton12Danny Ings
88%
Leeds United17Patrick Bamford
88%
Arsenal13Alexandre Lacazette
84%
Manchester City13İlkay Gündoğan
84%
Burnley12Chris Wood
80%
Everton16Dominic Calvert-Lewin
80%
Crystal Palace11Wilfried Zaha
76%
Aston Villa14Ollie Watkins
68%
Newcastle United12Callum Wilson
64%
Chelsea7Jorginho
60%
West Ham United10Michail Antonio
60%
Brighton8Neal Maupay
56%
Wolverhampton5Pedro Neto
40%
Sheffield United8David McGoldrick
32%
West Bromwich Albion11Matheus Pereira
32%
Fulham5Bobby Decordova-Reid
20%

Score Distribution

Percentile by Number Answered

Percent of People with Each Score

Your Score History

You have not taken this quiz